The power of the blood and The blood of the cross. (Record no. 7631)

000 -LEADER
fixed length control field 00578nam a2200181 a 4500
001 - CONTROL NUMBER
control field :::00005392$&:&@@
003 - CONTROL NUMBER IDENTIFIER
control field OkBaRHE
005 - DATE AND TIME OF LATEST TRANSACTION
control field 20000607103325.0
008 - FIXED-LENGTH DATA ELEMENTS--GENERAL INFORMATION
fixed length control field s1935 j 000 0 eng u
040 ## - CATALOGING SOURCE
Transcribing agency
100 1# - MAIN ENTRY--PERSONAL NAME
Personal name Murray, Andrew, 1828-1917.
245 14 - TITLE STATEMENT
Title The power of the blood and The blood of the cross.
260 ## - PUBLICATION, DISTRIBUTION, ETC. (IMPRINT)
Place of publication, distribution, etc Grand Rapids, MI., :
Name of publisher, distributor, etc Zondervan Publishing Co.
Date of publication, distribution, etc c1935
300 ## - PHYSICAL DESCRIPTION
Extent 192 p. ;
Dimensions 19 cm.
650 ## - SUBJECT ADDED ENTRY--TOPICAL TERM
Topical term or geographic name as entry element Blood in Religion
942 ## - ADDED ENTRY ELEMENTS (KOHA)
Source of classification or shelving scheme
Koha item type Books
Copies
Date acquired Source of classification or shelving scheme Date last seen Checked out Withdrawn status Shelving location Barcode Not for loan Copy number Permanent Location Full call number Koha item type Damaged status Price effective from Current Location Total Checkouts Date checked out Lost status
2010-04-14 2018-11-262018-12-10 General Stacks5392 1RHEMA Bible Training CollegeBT 590 .B5M9Books 2010-04-14RHEMA Bible Training College12018-11-26